Capitales de los 15 paises mas poblados del mundo - Estadísticas

Estadísticas generales
  • Esta prueba ha sido intentada 44 veces
  • La puntuación promedio es 12 de 15
Estadísticas de respuestas
País Capital % Correcto
Rusia Moscú
100%
China Pekín
100%
México Ciudad de México
97%
Japón Tokio
97%
Brasil Brasilia
95%
Egipto El Cairo
95%
Estados Unidos Washington DC
95%
India Nueva Delhi
92%
Filipinas Manila
82%
Indonesia Yakarta
79%
Pakistán Islamabad
66%
Etiopía Adis Abeba
61%
Banglades Daca
61%
Nigeria Abuya
55%
República Democrática del Congo Kinsasa
53%
No se encontraron pruebas coincidentes
Distribución de puntuación
Porcentaje de gente con cada puntuación
Porcentaje por número respondido
Historial de tus puntuaciones
No has intentado esta prueba.